Quizzes
Events
Quiz Creation
Community
Videos
Private Events
Remove Ads
Sign In
Join for FREE
Feedback
Dark Mode
Quiz Categories
Sports
Geography
Music
Movies
Television
Just For Fun
Miscellaneous
History
Literature
Language
Science
Gaming
Entertainment
Religion
Holiday
For Kids
Quiz Lab
Recent
Popular Today
Quiz Kudos Today
Editor Picks
Curator Picks
Quizzes by...
Day
Popularity
Type
Ratings
Length
Year
Community
Subscriptions
Recent Discussions
Orange Saloon
Badges
Playlists
Quests
Create
Leaderboards
Showdown
Live 5
Trivia Bingo
Activity
Puzzle Library
Sporcle Events
Private Events
Virtual Trivia
Globe League
Become a Host
Pub Owners
SporcleCon
Opinionation
Our Games
Videos
Blog
Mobile Apps
Partnerships
Remove Ads and Go Orange
Feedback
Science
Computer
Plants
Astronomy
Chemistry
Elements
Math
Animal
Physics
Anatomy
Biology
Geology
General Science
Science
Computer
Plants
Astronomy
Chemistry
Elements
Math
Animal
Physics
Anatomy
Biology
Geology
General Science
Random Quiz
Search Sporcle
×
Editor Pick
Editor Pick
Science
Century
Select answers by clicking on text or image buttons
Select answers by clicking on text or image buttons
Clickable
Best Score? Go Orange.
5 Scientific Discoveries Per Century Stats
Can you pick the five scientific discoveries that occurred in each given century?
By
awesomeness365
6m
25 Questions
7,394 Plays
7,394 Plays
7,394 Plays
Comments
Comments
Give Quiz Kudos
Give Quiz Kudos
-
- Ratings
hide this ad
Forced Order
Answers have to be entered in order
Answers have to be entered in order
Replay
Link that replays current quiz
Next Quiz
Link to next quiz in quiz playlist
You Got
0%
They Got
Avg Score
51%
Avg Friend Score
Upgrade to see
Score Distribution
Jump to the score distribution portion of the page
Score
0/25
Timer
06:00
0
Plays Today
% Correct
Human Genome Project Published
83.9%
Liquid Water on Mars
80%
Higgs boson
79.6%
Induced pluripotent stem cells
79.2%
Structure of DNA
69%
Nuclear Fission
64.1%
Polio Vaccine
57.5%
Theory of General Relativity
57.2%
Radioactivity
56.7%
Law of Gravitation
56.6%
X-Rays
55.2%
Law of falling bodies
53.7%
Photonic Molecules
52.9%
% Correct
Laws of planetary motion
49.2%
Lightning is Electrical
47.4%
Periodic Table
41.3%
Bacteria
40.9%
Cell
40.2%
Model of the Atom
37.5%
Absolute Zero
35.3%
Law of Conservation of Mass
34.9%
Uranus
33.9%
Atmosphere of Venus
32.7%
Oxygen
28.9%
Virus
28%
Quiz Playlist
Details
Report
Send in Message
Add To Playlist
Clickable:
Select answers by clicking on text or image buttons
Forced Order:
Answers have to be entered in order
Quiz Source
Last Updated: Oct 17, 2017
Editor Pick in
Science
Curator Pick in
Chemistry
Quiz Scoreboard
CHALLENGE
Sign Up to Join the Scoreboard
Show All
Scores
Hide
Comments
May contain spoilers
Recently Published
College Basketball Coaching Resumes
by pancakes188
Sports
9m
Billboard Blitz: Fleetwood Mac
by CooCooCachoo
Music
15s
Presidents Visiting Landmarks
by Hejman
History
7m
More to Explore
Quiz From the Vault
Featured Blog Post
Where Did the Easter Bunny Come From?
hide this ad
You Might Also Like...
Tags
Biology Quiz
Century Quiz
Chemistry Quiz
Clickable Quiz
Discovery Quiz
General Science Quiz
Physics Quiz
astrological
World History
Today's Top Quizzes in Science
Browse Science
hide this ad
Today's Top Quizzes in Century
Browse Century
Top Contributed Quizzes in Science
1
Quick Pick: Radians
2
Quick Pick: 'CI-CJ' Animals
3
The First 100 Digits of Pi
4
Elements In Images
5
One Thing in Common: Science
6
Science Jokes
7
Name the Acid, Base or Salt
8
One Thing in Common: Science II
9
One Thing in Common: Science III
10
One Thing in Common: Animals
Explore More
Trending Topics
NBA
Harry Potter
Anime
Crossword
Kpop
Disney
Marvel
Pokémon
NFL
WWE
Soccer
Country
The Office
Puzzle
Song
hide this ad
More By:
awesomeness365
Quiz
Plays
Rating
Category
Featured
Created
Harry Potter Venn Diagram
185,724
4.65
Literature
Aug 16, 2016
Male Actors by 3 Top Movies
157,504
4.69
Movies
Jan 24, 2017
Countries of the World Venn Diagram
150,011
4.61
Geography
Aug 19, 2016
Countries of the World Venn Diagram II
139,270
4.64
Geography
Sep 4, 2016
Celebrities Venn Diagram
121,295
4.33
Entertainment
Mar 18, 2017
Go to Creator's Profile
Score Distribution
Quiz Creator Spotlight
awesomeness365
Follow
Send a Message
Quizzes Created
-
Created Quiz Play Count
-
More By This Creator
Popular Quizzes Today
1
Find the US States - No Outlines Minefield
2
Find the Countries of Europe - No Outlines Minefield
3
The Countries of the World
4
Find the US States
5
Risky Map Clicking: Biggest States A-Z
6
US States
7
Popular People in 1961
8
Movies - When Are They Set?
More Science Quizzes
LogiCrossword: Nobel Prizes
Quiz Lab
Trending Quizzes
Risky Map Clicking: Least Populous States A-Z
1-10 Letter G Words
1-10 Letter F Words
Risky Map Clicking: Next State Alphabetically
Risky Map Clicking: Biggest States A-Z
Recently Updated
Leaping Animals
pecheneg
Reality TV Shows (A-Z)
bhenderson79
Rickey Henderson's Hall of Fame Teammates
pecheneg
Champions League XIs: Arsenal
pecheneg
Quick Pick: Celebrities in WWE's Hall of Fame
aduchscher
A-Z Keypad Blitz II
pecheneg
Multiple Oscar Actors
pecheneg
Mystery Phrase Blitz: Oscar 'Best Actors'
pecheneg
F. Scott Fitzgerald Novels
LTH
Pick 3 Villains
ddd62291
Trending Topics
Disney
Marvel
Harry Potter
Kpop
Crossword
Anime
NBA
Song
Soccer
NFL
Puzzle
WWE
Country
Pokémon
The Office
Your Account Isn't Verified!
In order to create a playlist on Sporcle, you need to verify the email address you used during registration. Go to your
Sporcle Settings
to finish the process.
Report this User
Report this user for behavior that violates our
Community Guidelines
.
Details:
Send Report
Go to the Sporcle.com Mobile Site →
Comments